00469 a2200169 4500001000700000020000600007040001100013100002200024240004000046245003500086362000900121440001800130697002300148942000700171952010200178999001900280174190 a  cMagnum aColasanti, Marina10aO menino que achou uma estrelalpor10aO menino que achou uma estrela0 a1899 1aMelhoramentos aIJ/FADAS, FANTASIA cBK 00104070a32.5b32.5d2024-06-08l0oLI.01483pMAG00021880r2024-06-08 20:47:28w2024-06-08yBK c174190d174190